logo

Bir Sreshtho Munshi Abdur Rouf Library
Jhenaidah Cadet College

The Students' companion / (Record no. 8876)

MARC details
000 -LEADER
fixed length control field 00684nam a2200265 a 4500
001 - CONTROL NUMBER
JCCL Control Number 8876
003 - CONTROL NUMBER IDENTIFIER
JCCL marc code BD - JhCC
005 - DATE AND TIME OF LATEST TRANSACTION
control field 20180305115257.0
008 - FIXED-LENGTH DATA ELEMENTS--GENERAL INFORMATION
fixed length control field 500101s1991 enk 000 0 eng d
020 ## - INTERNATIONAL STANDARD BOOK NUMBER
International Standard Book Number 0582075181
035 ## - SYSTEM CONTROL NUMBER
system control number (BD - JhCC)8876
040 ## - CATALOGING SOURCE
Original cataloging agency BD-JhCC
Modifying agency BD-JhCC
041 ## - LANGUAGE CODE
Language code of Book eng
082 ## - DEWEY DECIMAL CLASSIFICATION NUMBER
Classification number 423
DDC Edition number 19
Author mark and Year BES 1991
100 1# - MAIN ENTRY--PERSONAL NAME
Personal name Best, Wilfred D.
245 14 - TITLE STATEMENT
Title The Students' companion /
Statement of responsibility, etc Wilfred D. Best
250 ## - EDITION STATEMENT
Edition statement Caribbean ed. new ed
260 ## - PUBLICATION, DISTRIBUTION, ETC. (IMPRINT)
Place of publication, distribution, etc Harlow :
Name of publisher, distributor, etc Longman Caribbean,
Date of publication, distribution, etc 1991
300 ## - PHYSICAL DESCRIPTION
Pagination 220 p ;
Dimensions 20 cm
500 ## - GENERAL NOTE
General note Previous ed.: 1988
650 #0 - SUBJECT ADDED ENTRY--TOPICAL TERM
Topical term or geographic name as entry element Reference books
650 #0 - SUBJECT ADDED ENTRY--TOPICAL TERM
Topical term or geographic name as entry element English language
General subdivision Usage
942 ## - ADDED ENTRY ELEMENTS (KOHA)
Source of classification or shelving scheme Dewey Decimal Classification
Koha item type Books
Holdings
Source of classification or shelving scheme Damaged status Not for loan Home library Current library Shelving location Total Checkouts Full call number Barcode Date last seen Copy number Koha item type
Dewey Decimal Classification     JCC Rouf Library JCC Rouf Library General Stacks   423 BES 1991 11510 03/05/2018 C - 1 Books

JCC Library | Contacts | JCC Home

Last Update on 23 September 2017
Copyright @ 2017-2020 JCC Rouf Library
Rouf Library, Jhenidah Cadet College (JCC), Bangladesh